Santander en Europa: (Registro nro. 51675)

Detalles MARC
000 -CABECERA
Longitud fija campo de control 00849nam a2200241Ii 4500
005 - FECHA Y HORA DE LA ULTIMA TRANSACCION
Fecha y hora de la última transacción 20260220212025.0
008 - CODIGOS DE INFORMACION DE LONGITUD FIJA
Códigos de información de longitud fija 241108s9999||||xx |||||||||||||| ||und||
020 ## - NUMERO INTERNACIONAL NORMALIZADO PARA LIBROS
Número Internacional Normalizado para Libros (ISBN) 9586430006
040 ## - FUENTE DE LA CATALOGACION
Centro catalogador de origen CO-ViMGA
Lengua de catalogación spa
Normas de descripción rda
Centro transcriptor CO-ViMGA
082 04 - NUMERO DE LA CLASIFICACION DECIMAL DEWEY
Número de clasificación (R) 914 S168s
Número del ítem S168s
Número de edición 23
100 1# - PUNTO DE ACCESO PRINCIPAL-NOMBRE DE PERSONA
Nombre de persona Santander, Francisco de Paula
Fechas asociadas al nombre 1792-1840.
Término indicativo de función autor
245 10 - TITULO PROPIAMENTE DICHO
Título Santander en Europa:
Resto del título Diario de viaje 1829 - 1830 /
Mención de responsabilidad, etc. Francisco de Paula Santander
250 ## - MENCION DE EDICION
Mención de edición primera edición
264 #1 - PRODUCCION, PUBLICACION , DISTRIBUCION, FABRICACION Y COPYRIGHT
Lugar de producción, publicación, distribución, fabricación Bogotá, Colombia
Nombre del productor, editor, distribuidor, fabricante Fundación Francisco de Paula Santande
Fecha de de producción, publicación, distribución, fabricación o copyright 1989.
300 ## - DESCRIPCION FISICA
Extensión 5 tomos
Otras características físicas ilustraciones
Dimensiones 24 cm.
336 ## - TIPO DE CONTENIDO
Término de tipo de contenido texto
Código de tipo de contenido txt
Fuente rdacontenido
337 ## - TIPO DE MEDIO
Nombre del tipo de medio no mediado
Código del tipo de medio n
Fuente rdamedio
338 ## - TIPO DE SOPORTE
Nombre del tipo de soporte volumen
Código del tipo de soporte nc
Fuente rdasoperte
651 #4 - PUNTO DE ACCESO ADICIONAL DE MATERIA - NOMBRE GEOGRAFICO
Nombre geográfico Europa
Subdivisión cronológica Descripciones y viajes.
651 #4 - PUNTO DE ACCESO ADICIONAL DE MATERIA - NOMBRE GEOGRAFICO
Nombre geográfico Colombia
Subdivisión cronológica Historia, 1829-1832.
942 ## - ENTRADA DE ELEMENTOS AGREGADOS (KOHA)
Koha [por defecto] tipo de item LIbro
Fuente de clasificaión o esquema Dewey Decimal Classification
Existencias
Perdido Estado Físico No para préstamo Forma de adquisición Localización permanente Localización actual Localización en estanterías Fecha adquisición Serie de enumeración / cronolog&íacute;a Signatura completa Código de barras Fecha última consulta Número de copia Fecha del precio de reemplazo Tipo de item de Koha Note pública Fuente de clasificación o esquema
      Sala General Biblioteca Pública Departamental Eduardo Carranza - Villavicencio Biblioteca Pública Departamental Eduardo Carranza - Villavicencio General 11/27/2006 Vol. Tomo 5 914 S168s ECA6888 11/26/2024 Ej.1 11/26/2024 LIbro 6965 | 9785  
      Sala General Biblioteca Pública Departamental Eduardo Carranza - Villavicencio Biblioteca Pública Departamental Eduardo Carranza - Villavicencio General 11/27/2006 Vol. Tomo 1 914 S168s ECA6884 11/26/2024 Ej.1 11/26/2024 LIbro 6965 | 9781  
      Sala General Biblioteca Pública Departamental Eduardo Carranza - Villavicencio Biblioteca Pública Departamental Eduardo Carranza - Villavicencio General 11/27/2006 Vol. Tomo 2 914 S168s ECA6885 11/26/2024 Ej.1 11/26/2024 LIbro 6965 | 9782  
        Biblioteca Pública Departamental Eduardo Carranza - Villavicencio Biblioteca Pública Departamental Eduardo Carranza - Villavicencio General 11/27/2006 Tomo 3 914 S168s ECA6886 11/26/2024 Ej.1 11/26/2024 LIbro 6965 | 9783 Dewey Decimal Classification
      Sala General Biblioteca Pública Departamental Eduardo Carranza - Villavicencio Biblioteca Pública Departamental Eduardo Carranza - Villavicencio General 11/27/2006 Vol. Tomo 4 914 S168s ECA6887 11/26/2024 Ej.1 11/26/2024 LIbro 6965 | 9784  









Instituto Departamental de Cultura del Meta - Red Departamental de Bibliotecas Públicas del Meta.